Čištění a využití odpadních vod městských a průmyslových /

Gespeichert in:
Bibliographische Detailangaben
1. Verfasser: Trojan, František (Verfasst von)
Format: Buch
Sprache:Tschechisch
Veröffentlicht: Praha: SNTL, 1954
Ausgabe:1. vyd.
Tags: Tag hinzufügen
Keine Tags, Fügen Sie das erste Tag hinzu!

MARC

LEADER 00000nam a22000003a 4500
001 0025151
003 SK-STU
005 20170711094435.1
007 ta
008 170711s ----xo-----e------000-0-----d
040 |a STU  |b slo 
041 0 |a cze  |h cze 
044 |a xr 
100 1 |a Trojan, František  |4 aut  |r Z6 
245 1 0 |a Čištění a využití odpadních vod městských a průmyslových /  |c aut. František Trojan 
250 |a 1. vyd. 
260 |a Praha:  |b SNTL,  |c 1954 
300 |a 304 s. 
996 |b 284V040665  |c V* 52678/O-23835  |l VVT  |s A  |a 24  |w 0025151_0001